000 00411nam a2200121Ia 4500
008 190813s9999 xx 000 0 und d
020 _a9781138698666
245 _cEdited by Dana S. Dunn.--
_aPositive psychology :
_bestablished and emerging issues /
260 _aNew York :
_bRoutledge
_c2018
300 _a351 pages.
500 _aIncluded bibliographical references and index.
650 _aPositive psychology.
999 _c362050
_d362050